[Event "CHN-ch blitz"]
[Site "Tianjin"]
[Date "2018.06.08"]
[Round "5"]
[White "Zeng, Chongsheng"]
[Black "Ye, Rongguang"]
[Result "1-0"]
[WhiteElo "2532"]
[BlackElo "2461"]
[PlyCount "51"]
[EventDate "2018.06.07"]
[EventType "swiss (blitz)"]
[EventRounds "9"]
[EventCountry "CHN"]
[SourceTitle "CBM 184 Extra"]
[Source "ChessBase"]
[SourceDate "2018.06.28"]
[SourceVersion "1"]
[SourceVersionDate "2018.06.28"]
[SourceQuality "1"]

1. b3 Nf6 2. Bb2 d5 3. e3 Bf5 4. f4 e6 5. Nf3 Be7 6. Be2 0-0 7. 0-0 c5 8. Ne5 h6 9. Bd3 Bxd3 10. cxd3 Nfd7 11. Nc3 Bf6 12. Ng4 Be7 13. Qf3 f5 14. Nxd5 fxg4 15. Nxe7+ Qxe7 16. Qxb7 Qd6 17. Qxa8 Qxd3 18. Bc3 a6 19. Qb7 Qd6 20. Rad1 Nc6 21. Qxa6 Qc7 22. Qc4 Re8 23. f5 Nde5 24. Qxc5 exf5 25. Rxf5 Nd3 26. Qd5+ 1-0

[Event "CHN-ch blitz"]
[Site "Tianjin"]
[Date "2018.06.07"]
[Round "4"]
[White "Ye, Rongguang"]
[Black "Peng, Xiongjian"]
[Result "0-1"]
[WhiteElo "2461"]
[BlackElo "2427"]
[PlyCount "70"]
[EventDate "2018.06.07"]
[EventType "swiss (blitz)"]
[EventRounds "9"]
[EventCountry "CHN"]
[SourceTitle "CBM 184 Extra"]
[Source "ChessBase"]
[SourceDate "2018.06.28"]
[SourceVersion "1"]
[SourceVersionDate "2018.06.28"]
[SourceQuality "1"]

1. d4 Nf6 2. Nc3 d5 3. Bg5 h6 4. Bxf6 exf6 5. e3 Be6 6. g3 c6 7. Bg2 Bd6 8. Nge2 h5 9. h4 Nd7 10. Qd3 f5 11. Nf4 Nf6 12. Nce2 Ne4 13. c3 Qa5 14. Bf3 g6 15. Kf1 0-0-0 16. a4 Rdg8 17. b4 Qc7 18. Qc2 Bd7 19. c4 Bxb4 20. cxd5 Nd2+ 21. Kg2 Nxf3 22. Kxf3 f6 23. Kg2 g5 24. Ne6 Qd6 25. Nc5 Qxd5+ 26. Kg1 gxh4 27. Nf4 Qf3 28. Rxh4 Rg4 29. Rh2 Bxc5 30. Qxc5 Rhg8 31. Nxh5 Be6 32. Qd6 Bd5 33. Nf4 Rxg3+ 34. fxg3 Rxg3+ 35. Ng2 Rxg2+ 0-1

[Event "CHN-ch rapid"]
[Site "Tianjin"]
[Date "2018.06.06"]
[Round "4"]
[White "Ye, Rongguang"]
[Black "Ma, Zhonghan"]
[Result "1-0"]
[WhiteElo "2461"]
[BlackElo "2489"]
[PlyCount "103"]
[EventDate "2018.06.06"]
[EventType "swiss (rapid)"]
[EventRounds "9"]
[EventCountry "CHN"]
[SourceTitle "CBM 184 Extra"]
[Source "ChessBase"]
[SourceDate "2018.06.28"]
[SourceVersion "1"]
[SourceVersionDate "2018.06.28"]
[SourceQuality "1"]

1. c4 e5 2. Nc3 Bb4 3. Qc2 Nf6 4. Nf3 Nc6 5. e3 0-0 6. Nd5 Re8 7. Qf5 Be7 8. Nxe5 Nxe5 9. Qxe5 Nxd5 10. Qxd5 c6 11. Qd3 d5 12. Be2 Bf6 13. Qc2 d4 14. 0-0 Qa5 15. e4 d3 16. Qxd3 Qe5 17. Bf3 b5 18. Qc2 bxc4 19. Qxc4 Be6 20. Qc2 c5 21. d3 Rac8 22. Be2 Qd4 23. Be3 Qxb2 24. Qxb2 Bxb2 25. Rab1 Bd4 26. Bxd4 cxd4 27. Rb2 Rc3 28. f4 f6 29. f5 Bf7 30. Kf2 Ra3 31. Rc1 Ra8 32. Rcc2 a5 33. g4 h5 34. gxh5 Kh8 35. Ke1 Rf8 36. Kd2 Kh7 37. Kc1 Kh6 38. Kd2 Bxh5 39. Bxh5 Kxh5 40. Rc7 Kh6 41. Rd7 Ra4 42. Rc2 Rb8 43. Ke2 Rbb4 44. e5 fxe5 45. Kf3 Rb6 46. Ke4 Ra3 47. Rd5 Rc3 48. Rg2 a4 49. Rxe5 Rcc6 50. Ra5 Rb4 51. Ra8 Kh7 52. Ra7 1-0

[Event "CHN-ch blitz"]
[Site "Shenzhen"]
[Date "2017.12.09"]
[Round "7"]
[White "Chu, Wei Chao"]
[Black "Ye, Rongguang"]
[Result "1-0"]
[WhiteElo "2399"]
[BlackElo "2461"]
[PlyCount "151"]
[EventDate "2017.12.08"]
[EventType "swiss (blitz)"]
[EventRounds "9"]
[EventCountry "CHN"]
[SourceTitle "CBM 182 Extra"]
[Source "ChessBase"]
[SourceDate "2018.02.23"]
[SourceVersion "1"]
[SourceVersionDate "2018.02.23"]
[SourceQuality "1"]

1. d4 d5 2. Bf4 e6 3. e3 Bd6 4. Bg3 Nf6 5. Nd2 c5 6. c3 Nc6 7. Ngf3 0-0 8. Bb5 Qe7 9. Bxc6 bxc6 10. Qa4 Bxg3 11. hxg3 cxd4 12. cxd4 Bd7 13. Qc2 Rfc8 14. Nb3 Rab8 15. Nc5 Be8 16. b3 Rb6 17. Rc1 Rcb8 18. Ne5 h6 19. 0-0 Nh7 20. Na4 Ra6 21. Qe2 Rb5 22. Nd3 Nf6 23. Ndc5 Rab6 24. Nxb6 axb6 25. Na4 c5 26. Rfd1 Ne4 27. Nc3 Nxc3 28. Rxc3 Ra5 29. a4 f5 30. Rdc1 h5 31. Qd2 h4 32. gxh4 Bd7 33. Qc2 c4 34. bxc4 Bxa4 35. Qd2 Bc6 36. c5 b5 37. g3 b4 38. Rb3 Ra8 39. Rxb4 Be8 40. Qe2 e5 41. Rcb1 exd4 42. Rxd4 Qxc5 43. Qf3 Bf7 44. Rbd1 Qc2 45. R4d2 Qc4 46. Qxf5 Rf8 47. Rd4 Qa2 48. R4d2 Qa8 49. Qe5 Re8 50. Qa1 Qc6 51. Qc1 Qg6 52. Qc2 Qg4 53. Rd4 Qh5 54. Rf4 Bg6 55. Qd2 Be4 56. Rxe4 dxe4 57. Qd5+ Qf7 58. Qxf7+ Kxf7 59. Rd4 Kf6 60. Kg2 Kf5 61. Rd7 Kf6 62. Ra7 Rb8 63. g4 Rc8 64. Kg3 Rf8 65. Ra5 Ke6 66. Rg5 Rf7 67. h5 Ra7 68. Rf5 Ra2 69. Rf4 Ra4 70. f3 Ra3 71. Rxe4+ Kf6 72. Kf4 Rb3 73. Ra4 Rb6 74. e4 Rc6 75. Ra7 Rb6 76. g5+ 1-0

[Event "CHN-ch blitz"]
[Site "Shenzhen"]
[Date "2017.12.08"]
[Round "4"]
[White "Gao, Rui"]
[Black "Ye, Rongguang"]
[Result "1-0"]
[WhiteElo "2546"]
[BlackElo "2461"]
[PlyCount "104"]
[EventDate "2017.12.08"]
[EventType "swiss (blitz)"]
[EventRounds "9"]
[EventCountry "CHN"]
[SourceTitle "CBM 182 Extra"]
[Source "ChessBase"]
[SourceDate "2018.02.23"]
[SourceVersion "1"]
[SourceVersionDate "2018.02.23"]
[SourceQuality "1"]

1. e4 e5 2. Nf3 Nc6 3. Bb5 Nge7 4. c3 d5 5. Nxe5 dxe4 6. Qe2 Qd5 7. Nxc6 Nxc6 8. d4 Bf5 9. Nd2 0-0-0 10. 0-0 Bg6 11. Re1 f5 12. a4 a6 13. Bc4 Qd6 14. f3 Re8 15. fxe4 fxe4 16. Qg4+ Qd7 17. Qxd7+ Kxd7 18. Bd5 Bd6 19. Bxe4 Bf4 20. Bxc6+ Kxc6 21. Rxe8 Rxe8 22. Nf3 Bxc1 23. Rxc1 Re2 24. b3 Rb2 25. b4 Kd5 26. c4+ Ke4 27. b5 Rb4 28. bxa6 bxa6 29. a5 Ra4 30. Re1+ Kd3 31. Re7 Rxa5 32. Rxc7 Be4 33. Kf2 Ra2+ 34. Kg3 Bxf3 35. Kxf3 Kxd4 36. Rxg7 Kxc4 37. Rxh7 Kd5 38. h4 Ke5 39. Rh5+ Kf6 40. Rc5 Ra4 41. g4 Kg6 42. Rc6+ Kg7 43. h5 a5 44. Ra6 Ra1 45. Kf4 a4 46. Kg5 a3 47. h6+ Kf7 48. Ra7+ Ke6 49. Kg6 Rg1 50. g5 Rg3 51. h7 Rh3 52. Rxa3 Kd5 1-0

[Event "CHN-ch rapid"]
[Site "Shenzhen"]
[Date "2017.12.08"]
[Round "8"]
[White "Lin, Yi1111"]
[Black "Ye, Rongguang"]
[Result "0-1"]
[WhiteElo "2364"]
[BlackElo "2461"]
[PlyCount "76"]
[EventDate "2017.12.07"]
[EventType "swiss (rapid)"]
[EventRounds "9"]
[EventCountry "CHN"]
[SourceTitle "CBM 182 Extra"]
[Source "ChessBase"]
[SourceDate "2018.02.23"]
[SourceVersion "1"]
[SourceVersionDate "2018.02.23"]
[SourceQuality "1"]

1. d4 d5 2. c4 dxc4 3. Nf3 a6 4. e3 Bg4 5. Bxc4 e6 6. 0-0 Nf6 7. Nc3 Nc6 8. Be2 Bd6 9. h3 Bh5 10. Bd2 0-0 11. Rc1 Qe7 12. Ne1 Bg6 13. f4 Be4 14. Bf3 Bxf3 15. Nxf3 Nd5 16. Nxd5 exd5 17. Qb3 Qe4 18. Qxb7 Nb4 19. Bxb4 Rab8 20. Qxa6 Qxe3+ 21. Kh1 Rxb4 22. b3 Qxf4 23. Rce1 Rxd4 24. Qe2 Re4 25. Qd2 Qg3 26. Qf2 Qxf2 27. Rxf2 Bg3 28. Kg1 Rxe1+ 29. Nxe1 Bxf2+ 30. Kxf2 Ra8 31. a4 Rb8 32. Nd3 Rxb3 33. Nf4 c6 34. Ne2 Ra3 35. Nd4 c5 36. Nc6 Kf8 37. a5 Ke8 38. Ke2 f6 0-1

[Event "CHN-ch rapid"]
[Site "Shenzhen"]
[Date "2017.12.08"]
[Round "9"]
[White "Ye, Rongguang"]
[Black "Dai, Changren"]
[Result "1-0"]
[WhiteElo "2461"]
[BlackElo "2437"]
[PlyCount "93"]
[EventDate "2017.12.07"]
[EventType "swiss (rapid)"]
[EventRounds "9"]
[EventCountry "CHN"]
[SourceTitle "CBM 182 Extra"]
[Source "ChessBase"]
[SourceDate "2018.02.23"]
[SourceVersion "1"]
[SourceVersionDate "2018.02.23"]
[SourceQuality "1"]

1. c4 Nf6 2. Nc3 g6 3. e4 d6 4. g3 Bg7 5. Bg2 0-0 6. Nge2 e5 7. d3 Bg4 8. 0-0 Qd7 9. b4 Nc6 10. f3 Bh3 11. b5 Ne7 12. Rb1 Bxg2 13. Kxg2 Nh5 14. g4 Nf4+ 15. Nxf4 exf4 16. Ne2 g5 17. h4 h6 18. Bb2 Ng6 19. h5 Ne5 20. Kh3 a6 21. a4 axb5 22. axb5 Ra2 23. Qb3 Raa8 24. d4 Nxg4 25. fxg4 Rae8 26. Qc2 Qe6 27. Nxf4 gxf4 28. Rxf4 Qe7 29. Rbf1 Ra8 30. Qb3 c6 31. R1f3 Qc7 32. Rf5 Rae8 33. R3f4 Re7 34. g5 Qd7 35. gxh6 Bxh6 36. Rg4+ Kh7 37. Qf3 cxb5 38. cxb5 Rc8 39. d5 Rf8 40. Bf6 Ree8 41. Bd4 Ra8 42. Bb2 Rac8 43. Kg3 Rc2 44. Bd4 Rd2 45. Rf6 Rg8 46. Rxh6+ Kxh6 47. Rxg8 1-0

[Event "CHN-chT final-B 1st"]
[Site "China"]
[Date "2005.09.12"]
[Round "1"]
[White "Xie, Jianjun"]
[Black "Ye, Rongguang"]
[Result "1-0"]
[WhiteElo "2391"]
[BlackElo "2472"]
[PlyCount "92"]
[EventDate "2005.11.??"]
[EventType "team-tourn"]
[EventRounds "5"]
[EventCountry "CHN"]
[SourceTitle "EXT 2017"]
[Source "ChessBase"]
[SourceDate "2016.10.25"]
[SourceVersion "1"]
[SourceVersionDate "2016.10.25"]
[SourceQuality "1"]

1. e4 d5 2. exd5 Nf6 3. d4 Nxd5 4. Nf3 g6 5. Bc4 Bg7 6. 0-0 0-0 7. c3 Nb6 8. Bb3 Nc6 9. Bg5 Na5 10. Re1 Re8 11. Bc2 Be6 12. Nbd2 Nac4 13. Rxe6 Nxd2 14. Re1 Ndc4 15. b3 Na5 16. b4 Nac4 17. Qe2 a5 18. Bb3 Nd6 19. bxa5 Rxa5 20. Ne5 c5 21. Bf4 cxd4 22. cxd4 e6 23. Bd2 Ra8 24. Qf3 Qf6 25. Qh3 Nf5 26. Bc3 Red8 27. Nxf7 Re8 28. Ne5 Nd5 29. Bb2 Rad8 30. Rad1 h5 31. Qf3 Kh7 32. Qe4 Nd6 33. Qf3 Nf5 34. Bc2 Ra8 35. a3 Rec8 36. Be4 Re8 37. h3 h4 38. Qg4 Bh6 39. Qf3 Rac8 40. Ng4 Qf8 41. Bb1 Rc6 42. a4 Bg7 43. Ne5 Ra6 44. Qg4 Qf6 45. Bc1 Bh6 46. Kh1 Ng3+ 1-0

[Event "Torch Cup"]
[Site "Xiapu"]
[Date "2005.06.26"]
[Round "19"]
[White "Ye, Rongguang"]
[Black "Zhao, Xue"]
[Result "1-0"]
[WhiteElo "2472"]
[BlackElo "2478"]
[PlyCount "57"]
[EventDate "2005.06.21"]
[EventType "team"]
[EventRounds "19"]
[EventCountry "CHN"]
[SourceTitle "CBM 106 Extra"]
[Source "ChessBase"]
[SourceDate "2005.07.01"]
[SourceVersion "1"]
[SourceVersionDate "2005.07.01"]
[SourceQuality "1"]

1. d4 Nf6 2. Nf3 e6 3. Bg5 h6 4. Bxf6 Qxf6 5. e4 d5 6. Nbd2 Qd8 7. Bd3 Be7 8. 0-0 0-0 9. Re1 Nd7 10. c3 dxe4 11. Nxe4 b6 12. a4 c5 13. Bc2 Ba6 14. d5 exd5 15. Qxd5 Nf6 16. Qe5 Nd7 17. Qf5 g6 18. Qf4 Kg7 19. Rad1 Qc8 20. Ne5 Nf6 21. Nxf6 Bxf6 22. Nd7 Bg5 23. Qe5+ f6 24. Qe4 f5 25. Qe5+ Bf6 26. Nxf6 Rxf6 27. Rd6 Qf8 28. Rd7+ Kg8 29. Qd5+ 1-0

[Event "Torch Cup"]
[Site "Xiapu"]
[Date "2005.06.25"]
[Round "18"]
[White "Li, Shilong"]
[Black "Ye, Rongguang"]
[Result "0-1"]
[WhiteElo "2515"]
[BlackElo "2472"]
[PlyCount "57"]
[EventDate "2005.06.21"]
[EventType "team"]
[EventRounds "19"]
[EventCountry "CHN"]
[SourceTitle "CBM 106 Extra"]
[Source "ChessBase"]
[SourceDate "2005.07.01"]
[SourceVersion "1"]
[SourceVersionDate "2005.07.01"]
[SourceQuality "1"]

1. e4 e5 2. Nf3 Nf6 3. Nxe5 d6 4. Nf3 Nxe4 5. Bd3 Nc5 6. Be2 d5 7. d4 Ne4 8. 0-0 Bd6 9. c4 c6 10. Nc3 0-0 11. Qc2 Nxc3 12. bxc3 Nd7 13. Bd3 h6 14. Re1 Qf6 15. c5 Bc7 16. c4 Rd8 17. cxd5 cxd5 18. Bb2 Nb8 19. Ne5 Nc6 20. Re3 Bxe5 21. dxe5 Qe7 22. Qd2 Qg5 23. e6 Bxe6 24. f4 Qh5 25. f5 Bxf5 26. Bxf5 Qxf5 27. Rf1 Qh7 28. Ref3 f6 29. Rg3 0-1

[Event "CHN-chT Torch Real Estate Cup"]
[Site "Wuxi"]
[Date "2005.05.09"]
[Round "8"]
[White "Zhou, Jianchao"]
[Black "Ye, Rongguang"]
[Result "1/2-1/2"]
[WhiteElo "2473"]
[BlackElo "2472"]
[PlyCount "76"]
[EventDate "2005.05.08"]
[EventType "team-tourn"]
[EventRounds "13"]
[EventCountry "CHN"]
[SourceTitle "CBM 106 Extra"]
[Source "ChessBase"]
[SourceDate "2005.07.01"]
[SourceVersion "1"]
[SourceVersionDate "2005.07.01"]
[SourceQuality "1"]

1. d4 d5 2. c4 Nc6 3. Nf3 Bg4 4. Nc3 e6 5. Bg5 Be7 6. cxd5 exd5 7. Bxe7 Ngxe7 8. e3 0-0 9. Be2 Nc8 10. h3 Bxf3 11. Bxf3 Nb6 12. 0-0 Ne7 13. b4 a5 14. b5 a4 15. Rb1 a3 16. Rb3 f5 17. Qd3 Qd6 18. Ne2 Kh8 19. Rc1 Ra4 20. Rcc3 Nc4 21. h4 c6 22. Qc2 Rb4 23. bxc6 bxc6 24. Nf4 Ng6 25. Nxg6+ hxg6 26. Be2 Rfb8 27. Rxb4 Qxb4 28. Bxc4 dxc4 29. g3 Qa5 30. Qc1 Rb1 31. Qxb1 Qxc3 32. Qb7 Qd3 33. Qxc6 c3 34. h5 gxh5 35. Qe8+ Kh7 36. Qxh5+ Kg8 37. Qe8+ Kh7 38. Qh5+ Kg8 1/2-1/2

[Event "Dieren op"]
[Site "Dieren"]
[Date "1998.??.??"]
[Round "6"]
[White "De Saegher, Chris"]
[Black "Ye, Rongguang"]
[Result "0-1"]
[WhiteElo "2205"]
[BlackElo "2525"]
[PlyCount "76"]
[EventDate "1998.08.??"]
[EventType "swiss"]
[EventRounds "9"]
[EventCountry "NED"]
[SourceTitle "EXT 1999"]
[Source "ChessBase"]
[SourceDate "1998.11.16"]
[SourceVersion "1"]
[SourceVersionDate "1998.11.16"]
[SourceQuality "1"]

1. d4 f5 2. g3 Nf6 3. Bg2 e6 4. Nf3 Be7 5. 0-0 0-0 6. c4 c6 7. b3 a5 8. a3 b6 9. Nc3 d5 10. Qc2 Ne4 11. Rd1 Bd6 12. Bb2 Bb7 13. e3 Nd7 14. Ne5 Rc8 15. Nxd7 Qxd7 16. Na4 Bc7 17. b4 Ra8 18. Qb3 axb4 19. cxd5 cxd5 20. axb4 Ba6 21. f3 Nd6 22. Nc3 Bc4 23. Qc2 Nb5 24. Bf1 Bxf1 25. Kxf1 Bd6 26. Qd3 Nxc3 27. Bxc3 Rfc8 28. b5 Rxa1 29. Rxa1 Rc4 30. Ra8+ Kf7 31. g4 Bxh2 32. gxf5 exf5 33. f4 Bg3 34. Ra7 Qxa7 35. Qxf5+ Ke8 36. Qxd5 Qf7 37. Qa8+ Kd7 38. Qb7+ Rc7 0-1

[Event "Dieren op"]
[Site "Dieren"]
[Date "1997.??.??"]
[Round "5"]
[White "De Heer, Machiel"]
[Black "Ye, Rongguang"]
[Result "0-1"]
[WhiteElo "2325"]
[BlackElo "2500"]
[PlyCount "150"]
[EventDate "1997.07.??"]
[EventType "swiss"]
[EventRounds "9"]
[EventCountry "NED"]
[SourceTitle "EXT 1998"]
[Source "ChessBase"]
[SourceDate "1997.11.17"]
[SourceVersion "1"]
[SourceVersionDate "1997.11.17"]
[SourceQuality "1"]

1. e4 d5 2. exd5 Nf6 3. d4 Nxd5 4. c4 Nb6 5. Nf3 g6 6. Be2 Bg7 7. 0-0 0-0 8. Be3 Bg4 9. Nbd2 Nc6 10. d5 Bxf3 11. Nxf3 Ne5 12. Nxe5 Bxe5 13. Qc2 c6 14. dxc6 bxc6 15. Bf3 Qc7 16. g3 Rad8 17. Rad1 c5 18. Bg2 e6 19. b3 f5 20. Rxd8 Rxd8 21. Rd1 Rd6 22. Qc1 Nd7 23. Rxd6 Bxd6 24. Qa3 Kg7 25. Qa6 h6 26. Qb5 g5 27. a3 f4 28. Bd2 Be5 29. Qc6 Qxc6 30. Bxc6 Nb6 31. gxf4 Bxf4 32. Bc3+ Kf7 33. h3 Bc1 34. a4 Bf4 35. Kg2 Bd6 36. Kf3 Nc8 37. Kg4 Ne7 38. Be4 Ng8 39. Kf3 Nf6 40. Bc6 Kg6 41. a5 h5 42. a6 Bc7 43. b4 Bd6 44. b5 Bc7 45. Be4+ Kf7 46. Bd2 Nd7 47. Bd3 Kf6 48. Ke4 Kg6 49. Be2 Nf6+ 50. Kd3 Kf5 51. Bf3 Kg6 52. Be4+ Nxe4 53. Kxe4 Kf6 54. f3 Bb6 55. Bc3+ Kf7 56. Be5 Ke7 57. Bb8 Kf7 58. Bg3 Ke7 59. h4 Kf6 60. hxg5+ Kxg5 61. Bd6 Kg6 62. Be7 Kf7 63. Bh4 Bc7 64. Bf2 Bb6 65. Kf4 Kg6 66. Ke5 Kg5 67. Be3+ Kh4 68. Kxe6 Kg3 69. f4 h4 70. f5 h3 71. f6 h2 72. f7 h1Q 73. f8Q Qe4+ 74. Kd6 Qxe3 75. Qg8+ Kf2 0-1

[Event "Computerij op"]
[Site "Zwolle"]
[Date "1997.??.??"]
[Round "4"]
[White "Oei, Hway Ik"]
[Black "Ye, Rongguang"]
[Result "0-1"]
[WhiteElo "2195"]
[BlackElo "2520"]
[PlyCount "102"]
[EventDate "1997.??.??"]
[EventType "swiss"]
[EventRounds "6"]
[EventCountry "NED"]
[SourceTitle "EXT 1998"]
[Source "ChessBase"]
[SourceDate "1997.11.17"]
[SourceVersion "1"]
[SourceVersionDate "1997.11.17"]
[SourceQuality "1"]

1. d4 d5 2. c4 c6 3. cxd5 cxd5 4. Nc3 Nf6 5. Nf3 a6 6. Bf4 e6 7. e3 Qb6 8. Qc2 Nc6 9. a3 Bd7 10. Bd3 Rc8 11. 0-0 Nh5 12. Be5 f6 13. Bg3 f5 14. Ne5 Qd8 15. Nxc6 Rxc6 16. Be5 Nf6 17. f3 Bd6 18. Bxd6 Rxd6 19. Na4 Bxa4 20. Qxa4+ Qd7 21. Qb4 0-0 22. Rac1 Rc6 23. Rxc6 Qxc6 24. Re1 Rc8 25. Kf2 Qc7 26. Kg1 Kf7 27. g3 Qe7 28. Qd2 g6 29. Rc1 Rc7 30. Kf2 Ne8 31. Rc3 Qd6 32. Qc2 Re7 33. Rc8 Qb6 34. b4 Nd6 35. Rc5 Kg7 36. Qc3 Rf7 37. Kg2 g5 38. h3 Qd8 39. a4 h5 40. Bc2 h4 41. Qe1 Qf6 42. gxh4 gxh4 43. Kh2 Kh8 44. Bd3 Rg7 45. Qf2 Rg3 46. Rc7 Qd8 47. Rc1 Qf6 48. Rc7 e5 49. f4 exd4 50. Qe2 Qg6 51. exd4 Rxh3+ 0-1